| 000 | 00389 a2200133 4500 | ||
|---|---|---|---|
| 005 | 20250313150633.0 | ||
| 020 | _a0 333 17885 8 | ||
| 082 | _a335.43 SIN | ||
| 100 | _aSINGER, W.H. | ||
| 245 | _aThe Strategy of International Development: Essays in the Economics of Backwardness. | ||
| 260 |
_aLondon, _bThe MacMillan Press LTD, _c1975. |
||
| 300 |
_aix, 248p.: _bIndex _c21cm |
||
| 942 |
_2ddc _cBKS |
||
| 999 |
_c572 _d572 |
||